Gard - mort subite - Statistiques

Statistiques générales
  • Ce quiz a été pris 31 fois
  • Le résultat moyen est 13 sur 18
Answers on the Grid
Answers color-coded by a green-red scale on the quiz's grid according to % correct below.
Le Gardon
Nîmes
Ichikawa
Makiïvka
Güigüe
Brakpan
Un amphithéâtre romain
L'ancienne royaume des Burgondes
Tonlé Sap
Les Cévennes
L'endroit le plus chaud en France
Un littoral
Mont Aigoual
Port Camargue
Thurgovie
Vauvert
La source du Perrier
Erzurum
Long Xuyen
Azogues
Des Spiripontains
Djelfa
Villeneuve-lès-Avignon
Coimbatore
De la garrigue
Uzès
État-Libre
Alès
Colima
Nicosie
Aigues Mortes
Jilin
Veles
Bagnols-sur-Cèze
Saint-Lin–Laurentides
Basses-Carpates
 
Statistiques - réponses
Réponse % Correct
Nîmes
97%
Le Gardon
90%
Aigues Mortes
84%
Alès
84%
Arènes de Nîmes Un amphithéâtre romain
84%
Source de l'aqueduc de Nîmes Uzès
84%
Les Cévennes
81%
Formation végétale méditerranéen De la garrigue
77%
Mont Aigoual
74%
Bagnols-sur-Cèze
71%
Un littoral
68%
Villeneuve-lès-Avignon
68%
Près de Vergèze La source du Perrier
61%
Port Camargue
61%
Vauvert
61%
Villevieille, 2019 L'endroit le plus chaud en France
55%
Les riverains de Pont-Saint-Esprit Des Spiripontains
32%
Dans le Ve siècle L'ancienne royaume des Burgondes
32%
Aucun quiz correspondant
Distribution des résultats
% des personnes avec chaque résultat
Percentile par nombre de réponses
Votre historique - résultats
Vous n’avez pas pris ce quiz